000
00507nam a2200145Ia 4500
008
100204s9999 xx 000 0 und d
082
_b
17760
100
_a
मंगळवेढेकर राजा
245
_a
शिक्षक मित्रांनो
260
_b
"पृथ्वी प्रकाशन , पुणे"
_c
1994
300
_a
105
630
_a
शिक्षक मित्रांनो
730
_a
शिक्षक मित्रांनो
942
_c
BOOK
999
_c
462183
_d
462180